Statistieken voor Belize Trivia Quiz

Klik hier om de quiz te nemen!

Algemene statistieken

  • Deze quiz is 204 keer genomen
  • De gemiddelde score is 11 van 15

Antwoordstatistieken

HintAntwoord% Correct
Op één na meest gesproken taalSpaans
95%
Aangrenzende landenGuatemala
93%
Aangrenzende landenMexico
93%
Zee waar Belize aan grenstCaribische Zee
86%
Valuta van BelizeBelizaanse dollar
84%
Officiële taalEngels
84%
Land waaruit Belize in 1981 onafhankelijk werdVerenigd Koninkrijk
84%
HoofdstadBelmopan
82%
Oude beschaving bekend om piramides, kalenders en geschriftenMaya
80%
Fruit dat goed is voor 15% van de export van BelizeBanaan
73%
Soort natuurramp die in 1961 toesloeg, waarbij zoveel gebouwen werden verwoest dat Belize de hoofdstad naar een nieuwe locatie heeft verhuisdOrkaan
64%
Meest bevolkte stadBelize City
63%
Het op een na langste barrière___ ter wereld bevindt zich vlak voor de kust van BelizeRif
63%
Schiereiland waar Belize op ligtYucatan
61%
Gigantisch zinkgat in de zee dat een populaire duikbestemming isGrote {Blauwe} Gat
41%

Scoreverdeling

Percentiel versus Aantal Correcte Antwoorden

Procent van Mensen met Elke Score

Uw Scoregeschiedenis

U heeft deze quiz nog niet genomen